000 00813nam a2200241Ia 4500
003 OSt
005 20220925222319.0
006 a|||||r|||| 00| 0
007 ta
008 220923b |||||||| |||| 00| 0 eng d
020 _a9789811369711
_c9631.60
037 _b031, 13/12/2019, CLASSIC BOOKS SERVICES
_cGeneral Book
040 _aRTL
_cRTL
_beng
041 _2eng
_aeng
082 _aX991, Q9
100 _aSUNDAR K R Shyam
_9287551
245 0 _aPerspectives on neoliberalism, labour and globalization in India
_b Essays in honour of Lalit K. Deshpande.
260 _aLondon
_bPalgrave Macmillan
_c2019
300 _alix, 322p.
_ccm.
650 _aEconomics
942 _hX991, Q9
_cGB
_2CC
999 _c576681
_d576681